[Event "IND-ch U17"]
[Site "Bengaluru"]
[Date "2015.10.04"]
[Round "3"]
[White "Vaishali, Ramesh Babu"]
[Black "Athul, Krishna S"]
[Result "1-0"]
[WhiteElo "2314"]
[BlackElo "2158"]
[PlyCount "103"]
[EventDate "2015.10.03"]
[EventType "swiss"]
[EventRounds "11"]
[EventCountry "IND"]
[SourceTitle "CBM 168 Extra"]
[Source "ChessBase"]
[SourceDate "2015.10.29"]
[SourceVersion "1"]
[SourceVersionDate "2015.10.29"]
[SourceQuality "1"]

1. e4 c6 2. Nc3 d5 3. d4 e6 4. Nf3 Nf6 5. Bd3 Bb4 6. e5 Nfd7 7. 0-0 c5 8. dxc5 Bxc5 9. Bg5 Qc7 10. Nb5 Qb6 11. b4 Bf8 12. a4 a5 13. bxa5 Qxa5 14. Qd2 Bb4 15. c3 Bc5 16. Nfd4 Nxe5 17. Nb3 Qb6 18. a5 Qc6 19. N5d4 Bxd4 20. cxd4 Nxd3 21. Qxd3 0-0 22. Qg3 Kh8 23. Be7 Rg8 24. Rfc1 Qe8 25. Bc5 f6 26. f4 Nd7 27. Re1 f5 28. Bd6 Nf6 29. Be5 Ne4 30. Qh4 Qd8 31. Qxd8 Rxd8 32. Rec1 Rd7 33. Rc2 Nd6 34. Bxd6 Rxd6 35. Rac1 Bd7 36. Rc7 b6 37. a6 Kg8 38. a7 Ba4 39. Rc8+ Rd8 40. Rxd8+ Rxd8 41. Rc7 Ra8 42. Rb7 Rxa7 43. Rxa7 Bxb3 44. Re7 b5 45. Rxe6 Kf7 46. Rb6 Bc4 47. Kf2 h6 48. Ke3 Ke7 49. Kd2 Kf7 50. Kc3 Ke7 51. Kb4 Kf7 52. Rxb5 1-0